Giáo trình kỹ thuật xung - số
Zapisane w:
| 1. autor: | |
|---|---|
| Format: | Książka |
| Język: | Undetermined |
| Wydane: |
Hà Nội
Giáo dục
2007
|
| Hasła przedmiotowe: | |
| Etykiety: |
Dodaj etykietę
Nie ma etykietki, Dołącz pierwszą etykiete!
|
| Thư viện lưu trữ: | Trung tâm Học liệu Trường Đại học Cần Thơ |
|---|
| LEADER | 00694nam a2200217Ia 4500 | ||
|---|---|---|---|
| 001 | CTU_127784 | ||
| 008 | 210402s9999 xx 000 0 und d | ||
| 020 | |c 24500 | ||
| 082 | |a 621.381 | ||
| 082 | |b Ch528 | ||
| 100 | |a Đặng, Văn Chuyết | ||
| 245 | 0 | |a Giáo trình kỹ thuật xung - số | |
| 245 | 0 | |c Đặng Văn Chuyết (chủ biên) ... [et al.] | |
| 260 | |a Hà Nội | ||
| 260 | |b Giáo dục | ||
| 260 | |c 2007 | ||
| 526 | |a Kỹ thuật điện tử 1 | ||
| 526 | |b SP436 | ||
| 650 | |a Electrics and electronics,Kỹ thuật điện và điện tử | ||
| 904 | |i Tuyến | ||
| 980 | |a Trung tâm Học liệu Trường Đại học Cần Thơ | ||